| Record ID | ia:pearsoncreed00pear |
| Source | Internet Archive |
| Download MARC XML | https://archive.org/download/pearsoncreed00pear/pearsoncreed00pear_marc.xml |
| Download MARC binary | https://www.archive.org/download/pearsoncreed00pear/pearsoncreed00pear_meta.mrc |
LEADER: 00841cam 2200277I 4500
001 2591534
005 20080101144514.0
008 860719s1683 enkc 000 0 eng|
010 $a 15022794
035 $a(OCoLC)13905147
035 $907-AJB-8736
035 $aucoclc13905147
035 $a2591534
040 $aDLC$cCLU$dCLU
050 0 $aBT992$b.P3 1683
100 1 $aPearson, John,$d1613-1686.
245 13 $aAn exposition of the Creed.$cBy John lord bishop of Chester.
250 $aThe 5th ed., rev., and now more enl.
260 $aLondon :$bPrinted by J.M. for J. Williams,$c1683.
300 $a5 p. l., 398 p.$bfront. (port.)$c32 cm.
590 $aLacks title-page.
590 $aClark Library copy: bound in old calf.
630 00 $aApostles' Creed$vEarly works to 1800.
910 $arcp 3
935 $aMC3123181
910 $aMARS